000 01152nam a22002897i 4500
999 _c23358
_d23358
003 AR-CdUCM
008 250818b20192019 pe||||| |||| 00| 0 spa d
040 _aMUNICIPALIDAD PROVINCIAL DEL CUSCO
_cBIBLIOTECA MUNICIPAL DEL CUSCO
041 _hspa
082 _a985.632 / CH515
_bCH515
110 _aMunicipalidad Distrital de Challhuahuacho
_951344
245 _aHistoria de Challhuahuacho Libro de Plata /
300 _a218 páginas. :
500 _zPáginas 2016-2017
505 _aLa cultura Yanahuara antes de cristo y después -- Posición de tierras en Cotabambas -- Patrimonio arqueológico de Challhuahuacho -- Manifestaciones culturales -- Canto, música y danza -- Festividades y rituales
650 _aHistoria
_951345
650 _aAlcaldes
_951346
650 _aÉpoca colonial
_951347
650 _aComunidades campesinas
_92214
650 _aCentro arqueológico Yanawara y Markaphuchunku
_951348
650 _aMineria Challhuahuacho
_951349
650 _aTextiles, chumpi, away
_951350
650 _aMusica, qhashwa
_951351
650 _aRituales para el ganado
_951352
942 _2ddc
_cLIBROS
945 _apbjr
_d18-08-2025